000 01190pam a2200301 a 4500
001 6418
003 FISKH
005 20250429112103.0
008 930811s1994 nyuab j 000 0 eng
010 _a 93030272
020 _a0590479040 :
020 _a9780590479059
040 _aDLC
_cDLC
_dDLC
_beng
050 _aBF233 .M34
082 _a152.1
100 1 _aMcMillan, Bruce.
245 1 0 _aSense suspense :
_ba guessing game for the five senses /
_cwritten and illustrated with photographs and graphics by Bruce McMillan.
260 _aNew York :
_bScholastic,
_c1994.
300 _a32 pages :
_bcolor map ; color illustrations ;
_c23 x 28 cm.
505 _aNP
520 _aA concept game presented in both English and Spanish in which young readers will discover what's pictured in the mysterious photographs as well as figure out which senses they are most likely to use as two island youngsters take them on a sunny Caribbean sense-adventure.
521 8 _aNP
_bRaz-Plus
650 0 _aSenses and sensation
_xJuvenile literature.
650 1 _aSenses and sensation.
906 _a7
_bcbc
_corignew
_d1
_eocip
_f19
_gy-gencatlg
942 _2ddc
_cBK
_n0
999 _c6418
_d6418